000 01688cam a22003854a 4500
999 _c330976
_d330976
001 14109033
003 NUST
005 20180117090029.0
008 050915s2007 cau b 001 0 eng
010 _a 2005933940
020 _a0534614523
040 _aDLC
_cDLC
_dDLC
043 _an-us---
050 0 0 _aHV10.5
_b.C67 2007
082 _a361.3202373 COR
100 1 _aCorey, Marianne Schneider,
_d1942-
_94260
245 1 0 _aBecoming a helper /
_cMarianne Schneider Corey, Gerald Corey.
250 _a5th ed.
260 _aBelmont, CA :
_bThomson Higher Education,
_cc2007.
300 _axvii, 411 p.
_c24 cm.
500 _aGerald Corey's name appears first on the earlier edition.
504 _aIncludes bibliographical references (p. 381-395) and indexes.
650 0 _aHuman services
_xVocational guidance
_zUnited States.
_94261
650 0 _aSocial service
_xVocational guidance
_zUnited States.
_94262
700 1 _aCorey, Gerald.
_94006
700 1 _aCorey, Gerald.
_tBecoming a helper.
_94263
856 4 2 _3Contributor biographical information
_uhttp://www.loc.gov/catdir/enhancements/fy1514/2005933940-b.html
856 4 2 _3Publisher description
_uhttp://www.loc.gov/catdir/enhancements/fy1514/2005933940-d.html
856 4 1 _3Table of contents only
_uhttp://www.loc.gov/catdir/enhancements/fy1514/2005933940-t.html
906 _a7
_bcbc
_corigcop
_d3
_eepcn
_f20
_gy-gencatlg
942 _2ddc
_cBK